书目信息 |
| 题名: |
新英汉翻译实务
|
|
| 作者: | 成昭伟 主编 ;王海艳 , 李春明 , 韩颖 编 | |
| 分册: | ||
| 出版信息: | 北京 国防工业出版社 2007.04 |
|
| 页数: | 302页 | |
| 开本: | 23cm | |
| 丛书名: | ||
| 单 册: | ||
| 中图分类: | H315.9 | |
| 科图分类: | ||
| 主题词: | 英语--ying yu--翻译 | |
| 电子资源: | ||
| ISBN: | 978-7-118-05083-7 | |
| 000 | 01124nam0 2200277 450 | |
| 001 | 012007724583 | |
| 005 | 20071011103243.03 | |
| 010 | @a978-7-118-05083-7@dCNY28.00 | |
| 100 | @a20070731d2007 km y0chiy0120 ea | |
| 101 | 0 | @achi@aeng |
| 102 | @aCN@b110000 | |
| 105 | @ay a 000yy | |
| 200 | 1 | @a新英汉翻译实务@Axin ying han fan yi shi wu@d= A practical coursebook on English-Chinese translation@f成昭伟主编@Fcheng zhao wei zhu bian@g王海艳, 李春明, 韩颖编@Gwang hai yan,li chun ming,han ying bian@zeng |
| 210 | @a北京@c国防工业出版社@d2007.04 | |
| 215 | @a302页@d23cm | |
| 320 | @a有书目 (第300-302页)。 | |
| 330 | @a本书以功能目的论为切入点,比较深入地探讨了英汉实用文本的语言特点与翻译策略。全书共九章,涵盖政论、商务、科技、新闻、法律、旅游、广告、说明书等多种实用文本。 | |
| 510 | 1 | @aPractical coursebook on English-Chinese translation@zeng |
| 606 | 0 | @a英语@Aying yu@x翻译 |
| 690 | @aH315.9@v4 | |
| 701 | 0 | @a成昭伟@Acheng zhao wei@4主编 |
| 702 | 0 | @a王海艳@Awang hai yan@4编 |
| 702 | 0 | @a李春明@Ali chun ming@4编 |
| 702 | 0 | @a韩颖@Ahan ying@4编 |
| 801 | 0 | @aCN@c20071011 |
| 905 | @dH315.9@eC721 | |
| 新英汉翻译实务= A practical coursebook on English-Chinese translation/成昭伟主编/王海艳, 李春明, 韩颖编.-北京:国防工业出版社,2007.04 |
| 302页;23cm |
| ISBN 978-7-118-05083-7:CNY28.00 |
| 本书以功能目的论为切入点,比较深入地探讨了英汉实用文本的语言特点与翻译策略。全书共九章,涵盖政论、商务、科技、新闻、法律、旅游、广告、说明书等多种实用文本。 |
| ● |
| 相关链接 |
|
|
|
正题名:新英汉翻译实务
索取号:H315.9/C721
 
预约/预借
| 序号 | 登录号 | 条形码 | 馆藏地/架位号 | 状态 | 备注 |
| 1 | 252595 | 202525954 | 语言库209/209语言库 9排1列2层/ [索取号:H315.9/C721] | 在馆 | |
| 2 | 252596 | 202525963 | 语言库209/209语言库 9排1列2层/ [索取号:H315.9/C721] | 在馆 | |
| 3 | 252597 | 202525972 | 语言库209/209语言库 9排1列2层/ [索取号:H315.9/C721] | 在馆 |